000 00567nam a2200193 a 4500
001 3030387
005 20240226011241.0
008 950112s1994 ce b 000 0 eng
040 _aDLC
_cDLC
082 0 0 _a321.
_220
_bREF.
100 1 _aWeerakoon, Bradman,
245 1 0 _aReflections on governance /
_cBradman Weerakoon, Shelton Wanasinghe ; introduction by Godfrey Gunatilake.
260 _aColombo :
_bMarga Institute,
_c1994.
300 _a95 p. ;
650 0 _aDemocracy
650 0 _aPolitical participation
700 1 _aWanasinghe, Shelton.
_eedt
942 _cL
999 _c483
_d483